| 000 | 004810000a22001930004500 | ||
|---|---|---|---|
| 001 | 002038 | ||
| 003 | MACL | ||
| 005 | 20151015124659.0 | ||
| 008 | 151015b xxu||||| |||| 00| 0 eng d | ||
| 040 |
_aMACL _cMACL |
||
| 041 | _aEnglish | ||
| 082 | _a921/KRI | ||
| 100 |
_aVaradan, Geetha _914944 |
||
| 245 |
_aA Timeless Spring _cGeetha Varadan |
||
| 260 |
_aChennai _c2001 _bKrishnamurti Foundation India, |
||
| 350 | _a140 | ||
| 650 |
_aBiography _914945 |
||
| 942 |
_k921 _cBK _2ddc |
||
| 999 |
_c13954 _d13954 |
||